书目信息 |
| 题名: |
现代作战飞机
|
|
| 作者: | 朱宝流 | |
| 分册: | ||
| 出版信息: | 北京 战士出版社 1980 |
|
| 页数: | 68页 | |
| 开本: | 20cm | |
| 丛书名: | ||
| 单 册: | ||
| 中图分类: | E926.3 | |
| 科图分类: | ||
| 主题词: | 武器--军事技术 , 军用器材--军事技术 | |
| 电子资源: | ||
| ISBN: | ||
| 000 | 00578nam0 2200217 450 | |
| 001 | 0631985432 | |
| 005 | 20060721085448.10 | |
| 010 | @dCNY0.18 | |
| 100 | @a20060721d1980 km y0chiy0120 ea | |
| 101 | 0 | @achi |
| 102 | @aCN@b110000 | |
| 200 | 1 | @a现代作战飞机@Axian dai zuo zhan fei ji@f朱宝流@Fzhu bao liu |
| 210 | @a北京@c战士出版社@d1980 | |
| 215 | @a68页@d20cm | |
| 300 | @a军事科技知识普及丛书 | |
| 606 | 0 | @a武器@x军事技术 |
| 606 | 0 | @a军用器材@x军事技术 |
| 690 | @aE926.3@v3 | |
| 701 | 0 | @a朱宝流@Azhu bao liu |
| 801 | 0 | @aCN@bPFT@c20060721 |
| 905 | @a10447@dE926.3@e11 | |
| 现代作战飞机/朱宝流.-北京:战士出版社,1980 |
| 68页;20cm |
| 军事科技知识普及丛书 |
| ISBN :CNY0.18 |
| ● |
| 相关链接 |
|
|
|
|
正题名:现代作战飞机
索取号:E926.3/11
 
预约/预借
| 序号 | 登录号 | 条形码 | 馆藏地/架位号 | 状态 | 备注 |
| 1 | 0437922 | 204379225 | 密集书库/ [索取号:E926.3/11] | 在馆 | |
| 2 | 0437923 | 204379234 | 密集书库/ [索取号:E926.3/11] | 在馆 | |
| 3 | 0437924 | 204379243 | 密集书库/ [索取号:E926.3/11] | 在馆 |